• 首页
  • 本馆介绍
  • 公告通知
  • 最新文献
  • 馆藏检索
  • 电子资源
  • 读者导购
  • 参考咨询
  • 我的图书馆
  • 登录
  • 详细信息显示
  • 放入我的书架
  • 预约/预借图书
  • 作者相关作品
  • 分类相关作品
  • 丛书相关作品
  • 出版社相关作品

书目信息

  • 表格格式
  • 工作单格式
  • 卡片格式
题名:
简易家庭烘焙
    
 
作者: ;饮食生活编委会 编
分册:  
出版信息: 长春   吉林科学技术出版社  2015
页数: 224页
开本: 21cm
丛书名:
单 册:
中图分类: TS213.2
科图分类:
主题词: 烘焙--糕点加工
电子资源:
ISBN: 978-7-5384-9510-2
000 00872nam0 2200241 450
001 012015000068
005 20151130142620.95
010    @a978-7-5384-9510-2@dCNY19.90
100    @a20151101d2015 em y0chiy50 ea
101 0  @achi
102    @aCN@b220000
105    @aa z 000yy
106    @ar
200 1  @a简易家庭烘焙@Ajian yi jia ting hong bei@f饮食生活编委会编
210    @a长春@c吉林科学技术出版社@d2015
215    @a224页@c彩图@d21cm
300    @a妈妈的手 精华本
330    @a本书针对人们对甜品口味,以及在家操作简便上的要求,按照成品的种类分为四个部分,分别是:饼干布丁;蛋糕慕斯;面包松饼;派、蛋挞及其他,做法上追求简单易学,使读者在家里就能烘焙出香甜可口的甜品来。
606 0  @a烘焙@x糕点加工
690    @aTS213.2@v5
711 02 @a饮食生活编委会@Ayin shi sheng huo bian wei hui@4编
801  0 @aCN@b碧洲教育@c20151127
905    @a10447@f4@dTS213.2@e186
    
    简易家庭烘焙/饮食生活编委会编.-长春:吉林科学技术出版社,2015
    224页:彩图;21cm
    妈妈的手 精华本
    
    ISBN 978-7-5384-9510-2:CNY19.90
    本书针对人们对甜品口味,以及在家操作简便上的要求,按照成品的种类分为四个部分,分别是:饼干布丁;蛋糕慕斯;面包松饼;派、蛋挞及其他,做法上追求简单易学,使读者在家里就能烘焙出香甜可口的甜品来。
●
相关链接 在E读中查询图书 在五车中查询图书 在当当中查询图书 在豆瓣中查询图书


正题名:简易家庭烘焙     索取号:TS213.2/186         预约/预借

序号 登录号 条形码 馆藏地/架位号 状态 备注
1 0871786   208717860   第二样本阅览室/ [索取号:TS213.2/186] 在馆    
2 0871787   208717879   第三借阅区/ [索取号:TS213.2/186] 在馆    
3 0871788   208717888   第三借阅区/ [索取号:TS213.2/186] 在馆    
4 0871789   208717897   第三借阅区/ [索取号:TS213.2/186] 在馆    
唐山师范学院图书馆 欢迎您!
大连网信软件有限公司© 版权所有